वंश-वल्लरि / (Record no. 208099)
[ view plain ]
| 000 -LEADER | |
|---|---|
| fixed length control field | 00785nam a22001937a 4500 |
| 005 - DATE AND TIME OF LATEST TRANSACTION | |
| control field | 20250108151300.0 |
| 010 ## - LCCN (DPL NO) | |
| LC control number | HIN-129162 |
| 020 ## - INTERNATIONAL STANDARD BOOK NUMBER | |
| International Standard Book Number | 9789382695240 |
| Terms of availability | 300.00 |
| 035 ## - SYSTEM CONTROL NUMBER | |
| System control number | HN-101508 |
| 037 ## - SOURCE OF ACQUISITION | |
| Source of stock number/acquisition | DBAD |
| 082 ## - DEWEY DECIMAL CLASSIFICATION NUMBER | |
| Classification number | क |
| 100 ## - MAIN ENTRY--PERSONAL NAME | |
| Personal name | जौहरी, मंजुला |
| 245 ## - TITLE STATEMENT | |
| Title | वंश-वल्लरि / |
| Statement of responsibility, etc | मंजुला जौहरी |
| 250 ## - EDITION STATEMENT | |
| Edition statement | प्रथम |
| 260 ## - PUBLICATION, DISTRIBUTION, ETC. (IMPRINT) | |
| Place of publication, distribution, etc | दिल्ली |
| Name of publisher, distributor, etc | विकल्प प्रकाशन |
| Date of publication, distribution, etc | 2017 |
| 270 ## - ADDRESS | |
| Address | 2226/6बी,प्रथम तल, गली नं 33,पहला पुस्ता सोनिया विहार |
| City | दिल्ली |
| Postal code | 110090 |
| Telephone number | 9211559886 |
| 300 ## - PHYSICAL DESCRIPTION | |
| Extent | 143 पृ. |
| Dimensions | 22 सेमी (सजिल्द) |
| 942 ## - ADDED ENTRY ELEMENTS (KOHA) | |
| Source of classification or shelving scheme | Dewey Decimal Classification |
| Item type | Hindi Books |
| Classification part | क |
| Call number suffix | जौहरी |
| Withdrawn status | Lost status | Not for loan | Collection code | Home library | Current library | Date acquired | Source of acquisition | Cost, normal purchase price | Full call number | Barcode | Copy number | Cost, replacement price | Koha item type |
|---|---|---|---|---|---|---|---|---|---|---|---|---|---|
| Fiction | Sarojini Nagar | Sarojini Nagar | 07/01/2025 | DBAD | 300.00 | क जौहरी | HN-101508 | 1 | 300.00 | Hindi Books |
